الشتاء النووى : (Record no. 14571)
[ view plain ]
| 000 -LEADER | |
|---|---|
| fixed length control field | 00930nam a22001817a 4500 |
| 008 - FIXED-LENGTH DATA ELEMENTS--GENERAL INFORMATION | |
| fixed length control field | 100727t xxu||||| |||| 00| 0 eng d |
| 082 ## - DEWEY DECIMAL CLASSIFICATION NUMBER | |
| Edition number | 22 |
| Classification number | 623.37 |
| Item number | ه ا ر |
| 100 ## - MAIN ENTRY--PERSONAL NAME | |
| 9 (RLIN) | 16875 |
| Personal name | هارول, مارك أ. |
| 245 ## - TITLE STATEMENT | |
| Title | الشتاء النووى : |
| Remainder of title | تأثيرات الحرب النووية على الإنسانية وعلى البيئة |
| Statement of responsibility, etc | /مارك أ. هارول؛ ترجمة عبد الله حيدر |
| 260 ## - PUBLICATION, DISTRIBUTION, ETC. (IMPRINT) | |
| Place of publication, distribution, etc | بيروت: |
| Name of publisher, distributor, etc | دار الرقى؛ |
| Date of publication, distribution, etc | س.1986 |
| 300 ## - PHYSICAL DESCRIPTION | |
| Extent | 288 سم؛ |
| Dimensions | 20سم |
| 500 ## - GENERAL NOTE | |
| General note | تمهيد بقلم راسل و. بيترسون |
| 650 ## - SUBJECT ADDED ENTRY--TOPICAL TERM | |
| 9 (RLIN) | 16888 |
| Topical term or geographic name as entry element | الأسلحة الذرية |
| 650 ## - SUBJECT ADDED ENTRY--TOPICAL TERM | |
| 9 (RLIN) | 16889 |
| Topical term or geographic name as entry element | الحرب النووية |
| 700 ## - ADDED ENTRY--PERSONAL NAME | |
| 9 (RLIN) | 16880 |
| Personal name | حيدر, عبد الله |
| Titles and other words associated with a name | مترجم |
| 942 ## - ADDED ENTRY ELEMENTS (KOHA) | |
| Source of classification or shelving scheme | Dewey Decimal Classification |
| Item type | Book - Borrowing |
| Withdrawn status | Item status | Source of classification or shelving scheme | Damaged status | Not for loan | Vendor | Home library | Current library | Shelving location | Date acquired | Source of acquisition | Total Checkouts | Full call number | Barcode | Date last seen | Date last borrowed | Koha item type |
|---|---|---|---|---|---|---|---|---|---|---|---|---|---|---|---|---|
| Dewey Decimal Classification | Alef-Baa | Central Library | Central Library | First floor | 27/07/2010 | 1 | 623.37 هار | 000025208 | 15/07/2025 | 06/12/2011 | Book - Borrowing |